[Event "European Rapid 2022"]
[Site "Katowice POL"]
[Date "2022.12.17"]
[Round "5.9"]
[White "Klekowski, Maciej"]
[Black "Kosteniuk, Alexandra"]
[Result "1/2-1/2"]
[WhiteTitle "GM"]
[BlackTitle "GM"]
[WhiteElo "2477"]
[BlackElo "2520"]
[WhiteFideId "1132717"]
[BlackFideId "4128125"]
[EventDate "2022.12.17"]

1. c4 e5 2. g3 Nf6 3. Nc3 Bb4 4. Bg2 O-O 5. e4 Bxc3 6. dxc3 d6 7. Qc2 Be6 8. b3
a5 9. a4 Nfd7 10. Nf3 h6 11. Be3 Nc6 12. O-O f5 13. exf5 Bxf5 14. Qe2 Nf6 15.
Nd2 Qd7 16. f3 Bh3 17. Bf2 Bxg2 18. Kxg2 b6 19. Ne4 Ne7 20. Rad1 Qc6 21. Nxf6+
Rxf6 22. Qe4 Qe8 23. f4 exf4 24. Bd4 Rf7 25. Rxf4 Rxf4 26. Qxf4 Qg6 27. Rf1 Re8
28. Qf3 Qe6 29. h3 Qg6 30. Re1 Rf8 31. Qg4 Qxg4 32. hxg4 Nc6 33. Re3 Rd8 34. Kf3
Kf7 35. Ke4 Ne7 36. Kd3 Rd7 37. b4 c5 38. Rf3+ Kg6 39. Be3 axb4 40. cxb4 Nc6 41.
Bf4 Nxb4+ 42. Kc3 d5 43. cxd5 Rxd5 44. Kc4 Rd4+ 45. Kb5 Nd5 46. a5 Rb4+ 47. Kc6
Nxf4 48. a6 Ne6 49. a7 Nd4+ 50. Kb7 Ra4 51. Rf8 Rxa7+ 52. Kxa7 b5 53. Kb6 b4 54.
Rf1 c4 55. Kc5 Nc2 56. Rg1 c3 57. Kc4 Kg5 58. Kb3 Nd4+ 59. Kxb4 Kxg4 60. Rd1 Ne2
61. Kb3 Kxg3 62. Rd6 g5 63. Rxh6 g4 64. Kc2 Kf3 65. Rf6+ Nf4 66. Rc6 Nd5 67. Rc5
Ke4 68. Rc4+ Kf5 69. Rd4 Nf4 70. Rd8 g3 71. Rf8+ Kg5 72. Rg8+ Ng6 73. Ra8 g2 74.
Ra1 Nf4 75. Rg1 Kg4 76. Rxg2+ Nxg2 77. Kxc3 1/2-1/2

[Event "European Rapid 2022"]
[Site "Katowice POL"]
[Date "2022.12.17"]
[Round "5.10"]
[White "Tregubov, Pavel V."]
[Black "Blohberger, Felix"]
[Result "1/2-1/2"]
[WhiteTitle "GM"]
[BlackTitle "GM"]
[WhiteElo "2553"]
[BlackElo "2490"]
[WhiteFideId "4115341"]
[BlackFideId "1632051"]
[EventDate "2022.12.17"]

1. e4 c5 2. c3 Nf6 3. e5 Nd5 4. d4 cxd4 5. cxd4 d6 6. Nf3 e6 7. Bc4 Be7 8. O-O
O-O 9. Qe2 a6 10. h3 b5 11. Bxd5 exd5 12. Bf4 Be6 13. Rc1 h6 14. Nbd2 Qb6 15.
exd6 Bxd6 16. Bxd6 Qxd6 17. Nb3 Nc6 18. Rc5 Bf5 19. Rac1 Nb4 20. Qd2 Nd3 21. Rc6
Qf4 22. Qxf4 Nxf4 23. Rd1 Nd3 24. Nh4 Be4 25. Rd2 Nb4 26. Rd6 Nxa2 27. f3 Bh7
28. Rxd5 Nb4 29. Rc5 Nd3 30. Rd5 Nb4 31. Rc5 Nd3 32. Rd5 1/2-1/2

[Event "European Rapid 2022"]
[Site "Katowice POL"]
[Date "2022.12.17"]
[Round "5.11"]
[White "Bartel, Mateusz"]
[Black "Paehtz, Elisabeth"]
[Result "1-0"]
[WhiteTitle "GM"]
[BlackTitle "GM"]
[WhiteElo "2627"]
[BlackElo "2464"]
[WhiteFideId "1112635"]
[BlackFideId "4641833"]
[EventDate "2022.12.17"]

1. e4 c5 2. Nf3 d6 3. Nc3 a6 4. d4 cxd4 5. Qxd4 Nc6 6. Qd3 e6 7. Bf4 Nf6 8. Rd1
e5 9. Bg5 Be6 10. Bxf6 Qxf6 11. Nd5 Qd8 12. c3 Rc8 13. Be2 g6 14. h4 h6 15. h5
g5 16. Nh2 Bg7 17. Ng4 O-O 18. Nge3 Ne7 19. Nxe7+ Qxe7 20. Qxd6 Qxd6 21. Rxd6
Bxa2 22. Rb6 Rc7 23. c4 Rfc8 24. Nd5 Bf8 25. O-O Rc6 26. Rxb7 Bxc4 27. Bxc4 Rxc4
28. Ra1 Kg7 29. Rxa6 Rxe4 30. Raa7 Rc1+ 31. Kh2 Rh4+ 32. Kg3 Rf4 33. Nxf4 exf4+
34. Kf3 Kg8 35. Rxf7 Rc2 36. Rfb7 g4+ 37. Kxf4 Rxf2+ 38. Kg3 Rc2 39. Ra8 1-0

[Event "European Rapid 2022"]
[Site "Katowice POL"]
[Date "2022.12.17"]
[Round "5.12"]
[White "Subelj, Jan"]
[Black "Yuffa, Daniil"]
[Result "1/2-1/2"]
[WhiteTitle "IM"]
[BlackTitle "GM"]
[WhiteElo "2492"]
[BlackElo "2587"]
[WhiteFideId "14618583"]
[BlackFideId "24131423"]
[EventDate "2022.12.17"]

1. e4 c5 2. Nf3 d6 3. Bb5+ Nd7 4. O-O a6 5. Bd3 Ngf6 6. Re1 b5 7. c4 g5 8. Nxg5
Ne5 9. Be2 bxc4 10. f4 Nd3 11. Rf1 h6 12. Qa4+ Bd7 13. Qxc4 hxg5 14. Bxd3 gxf4
15. Rxf4 Bh6 16. Rf3 Bb5 17. Qc3 c4 18. Bxc4 Qb6+ 19. Kh1 Rh7 20. d3 Bxc1 21.
Bxb5+ axb5 22. Qxc1 Ng4 23. h3 Ne5 24. Rg3 Qf2 25. Rg8+ Kd7 26. Rxa8 Rxh3+ 27.
gxh3 Qf3+ 28. Kh2 1/2-1/2

[Event "European Rapid 2022"]
[Site "Katowice POL"]
[Date "2022.12.17"]
[Round "5.13"]
[White "Alexakis, Dimitris"]
[Black "Moroni, Luca Jr"]
[Result "1-0"]
[WhiteTitle "IM"]
[BlackTitle "GM"]
[WhiteElo "2486"]
[BlackElo "2576"]
[WhiteFideId "4277023"]
[BlackFideId "865834"]
[EventDate "2022.12.17"]

1. e4 c5 2. Nf3 Nc6 3. Bb5 Qc7 4. O-O a6 5. Bxc6 dxc6 6. b3 e5 7. a4 a5 8. Na3
Ne7 9. Nc4 Ng6 10. Bb2 f6 11. c3 Be6 12. d4 O-O-O 13. Ne3 Nf4 14. g3 Bh3 15.
gxf4 exd4 16. cxd4 Qxf4 17. Re1 cxd4 18. Ng2 Qh6 19. Bc1 g5 20. Qd3 Qh5 21. Nfh4
Bg4 22. Nf5 Bxf5 23. exf5 Bd6 24. h3 Bb4 25. Bd2 Bxd2 26. Qxd2 Qxh3 27. Qxa5 Qc3
28. Qxc3 dxc3 29. Rac1 Rd3 30. Re3 Rd5 31. Rf3 h5 32. Rcxc3 Rhd8 33. Ne3 Rd4 34.
Nc4 g4 35. Rfe3 Rf4 36. Re6 Rd1+ 37. Kg2 h4 38. Rxf6 Kb8 39. Rg6 h3+ 40. Kg3
Rxf5 41. Ne3 Rf3+ 42. Kxg4 h2 43. Rh6 Rxe3 44. Rxe3 h1=Q 45. Rxh1 Rxh1 46. f4
Kc7 47. Rd3 Kb6 48. f5 Rg1+ 49. Kh5 Rf1 50. Kg6 Rg1+ 51. Kf7 Rf1 52. f6 Kc5 53.
Ke7 Re1+ 54. Kf8 Rf1 55. f7 Kb4 56. Re3 1-0

[Event "European Rapid 2022"]
[Site "Katowice POL"]
[Date "2022.12.17"]
[Round "5.14"]
[White "Berend, Elvira"]
[Black "Sahidi, Samir"]
[Result "1-0"]
[WhiteTitle "WGM"]
[BlackTitle "IM"]
[WhiteElo "2318"]
[BlackElo "2494"]
[WhiteFideId "4000510"]
[BlackFideId "14936372"]
[EventDate "2022.12.17"]

1. d4 Nf6 2. c4 e6 3. Nf3 c5 4. d5 exd5 5. cxd5 d6 6. h3 g6 7. e4 Bg7 8. Bd3 a6
9. a4 O-O 10. O-O Nbd7 11. Nc3 Rb8 12. Bf4 Qc7 13. Re1 Re8 14. Rc1 c4 15. Bf1 b5
16. axb5 axb5 17. Nd4 Ba6 18. Nc6 Rb6 19. b3 cxb3 20. Nxb5 Qb7 21. Nxd6 Qa8 22.
Bxa6 Qxa6 23. Nxe8 Nxe8 24. e5 b2 25. Rb1 Qc4 26. Be3 Rb5 27. Qd4 Qb3 28. Qd1
Qa2 29. Qe2 Rb7 30. Bd4 Nc7 31. e6 fxe6 32. dxe6 Nf6 33. Rxb2 Qa8 34. Rxb7 Qxb7
35. Qf3 Nce8 36. e7 h6 37. Bxf6 Bxf6 38. Qd5+ Kg7 39. Qe6 Qc7 40. Nd8 Nd6 41.
Qxd6 Qxd6 42. e8=N+ 1-0

[Event "European Rapid 2022"]
[Site "Katowice POL"]
[Date "2022.12.17"]
[Round "5.15"]
[White "Laurusas, Tomas"]
[Black "Solys, Laimutis"]
[Result "1-0"]
[WhiteTitle "GM"]
[BlackTitle "FM"]
[WhiteElo "2567"]
[BlackElo "2289"]
[WhiteFideId "12803731"]
[BlackFideId "12800368"]
[EventDate "2022.12.17"]

1. d4 d6 2. Nf3 Nf6 3. c4 Bg4 4. e3 Nbd7 5. Nc3 e5 6. Be2 Be7 7. O-O O-O 8. Qc2
c6 9. Rd1 Qc7 10. b3 Rfe8 11. Bb2 Bf8 12. d5 Rac8 13. e4 Bh5 14. Rac1 Qb8 15.
Qd2 Bg6 16. Qe3 h6 17. Nh4 Bh7 18. Qf3 a5 19. Nf5 Bxf5 20. Qxf5 g6 21. Qf3 h5
22. dxc6 bxc6 23. c5 d5 24. exd5 e4 25. Qg3 Qxg3 26. hxg3 Nxc5 27. dxc6 e3 28.
f3 Rxc6 29. Bb5 Rce6 30. Bxe8 Rxe8 31. Ne2 Nfd7 32. Rd5 Rc8 33. Rxd7 1-0

[Event "European Rapid 2022"]
[Site "Katowice POL"]
[Date "2022.12.17"]
[Round "5.16"]
[White "Bazakutsa, Svyatoslav"]
[Black "Stefansson, Hannes"]
[Result "1/2-1/2"]
[BlackTitle "GM"]
[WhiteElo "2318"]
[BlackElo "2526"]
[WhiteFideId "14198525"]
[BlackFideId "2300087"]
[EventDate "2022.12.17"]

1. c4 Nf6 2. Nc3 e5 3. Nf3 Nc6 4. e4 Bb4 5. d3 d6 6. a3 Bc5 7. b4 Bb6 8. Na4 Bg4
9. Be2 Bxf3 10. Bxf3 Bd4 11. Rb1 a5 12. b5 Ne7 13. Be3 Ng6 14. Bxd4 exd4 15. e5
Nxe5 16. Bxb7 Rb8 17. Bf3 O-O 18. O-O Qd7 19. Re1 Rfe8 20. Be4 c6 21. bxc6 Nxc6
22. Nb6 Qc7 23. Nd5 Nxd5 24. Rxb8 Rxb8 25. Bxd5 Ne7 26. Qf3 Nxd5 27. Qxd5 Qc5
28. Qe4 h6 29. a4 Qb4 30. h3 Rc8 31. Ra1 Qb2 32. Re1 Qc3 33. Rb1 Qc2 34. Rb7
Qxa4 35. Qd5 Qe8 36. Qxa5 Ra8 37. Qd5 Ra1+ 38. Kh2 Qe5+ 39. Qxe5 dxe5 40. Rd7 g5
41. Kg3 Rd1 42. Kg4 Rxd3 43. Kf5 Rc3 44. Kf6 Rxc4 45. Rd8+ Kh7 46. Kxf7 e4 47.
Kf6 Rc6+ 48. Kf5 e3 49. fxe3 dxe3 50. Rd7+ Kg8 51. Re7 1/2-1/2

[Event "European Rapid 2022"]
[Site "Katowice POL"]
[Date "2022.12.17"]
[Round "5.17"]
[White "Grandelius, Nils"]
[Black "Langheinrich, Ferenc"]
[Result "1-0"]
[WhiteTitle "GM"]
[BlackTitle "IM"]
[WhiteElo "2660"]
[BlackElo "2381"]
[WhiteFideId "1710400"]
[BlackFideId "4641973"]
[EventDate "2022.12.17"]

1. e4 g6 2. d4 Bg7 3. Nc3 d6 4. Be3 a6 5. Qd2 b5 6. O-O-O b4 7. Nce2 a5 8. h4 h5
9. Nh3 Bxh3 10. Rxh3 Nd7 11. Nf4 Qc8 12. Kb1 Ngf6 13. f3 c5 14. dxc5 Nxc5 15.
Bb5+ Kf8 16. e5 dxe5 17. Bxc5 Qxc5 18. Qd8+ Ne8 19. Qxa8 Qxb5 20. Nd5 Qc5 21.
Rhh1 e6 22. Nxb4 axb4 23. Rd8 Qb5 24. Rhd1 Bf6 25. Rb8 Qe2 26. Rxe8+ Kg7 27. Rc1
Rxe8 28. Qxe8 Qxg2 29. Qb5 Bxh4 30. Qxb4 Bf6 31. a4 Qxf3 32. a5 h4 33. a6 h3 34.
Qb7 e4 35. a7 h2 36. a8=Q h1=Q 37. Rxh1 Qxh1+ 38. Ka2 Qc1 39. Qe8 1-0

[Event "European Rapid 2022"]
[Site "Katowice POL"]
[Date "2022.12.17"]
[Round "5.18"]
[White "Beliavsky, Alexander G"]
[Black "Morgunov, Marc"]
[Result "1/2-1/2"]
[WhiteTitle "GM"]
[BlackTitle "FM"]
[WhiteElo "2499"]
[BlackElo "2402"]
[WhiteFideId "14602377"]
[BlackFideId "1640305"]
[EventDate "2022.12.17"]

1. Nf3 Nf6 2. c4 g6 3. Nc3 Bg7 4. e4 d6 5. d4 O-O 6. Be2 e5 7. O-O Nc6 8. d5 Ne7
9. Nd2 Nd7 10. b4 f5 11. f3 f4 12. c5 Nf6 13. Nc4 g5 14. cxd6 cxd6 15. Nb5 Ne8
16. a4 Rf7 17. Bd2 Bf8 18. Be1 a6 19. Nc3 b6 20. a5 b5 21. Nb6 Rb8 22. Nxc8 Rxc8
23. Rc1 Nf6 24. Bf2 h5 25. Bb6 Qd7 26. Qd3 g4 27. Na2 Rg7 28. Kh1 Ne8 29. Rxc8
Nxc8 30. Bg1 Be7 31. Rc1 Bd8 32. Rc6 Qb7 33. Nc1 g3 34. h3 Rc7 35. Rxc7 Bxc7 36.
Nb3 Bb8 37. Qc3 Ne7 38. Bb6 Kf7 39. Qc1 Qc8 40. Qxc8 Nxc8 41. Kg1 Ba7 42. Bxa7
Nxa7 43. Kf1 h4 44. Ke1 Ke7 45. Kd2 Kd7 46. Kc3 Kc7 47. Nc1 1/2-1/2

[Event "European Rapid 2022"]
[Site "Katowice POL"]
[Date "2022.12.17"]
[Round "5.19"]
[White "Hovhannisyan, Robert"]
[Black "Petrovskyi, Vadym"]
[Result "1-0"]
[WhiteTitle "GM"]
[BlackTitle "FM"]
[WhiteElo "2597"]
[BlackElo "2402"]
[WhiteFideId "13302507"]
[BlackFideId "14165210"]
[EventDate "2022.12.17"]

1. e4 c5 2. Nf3 d6 3. d4 cxd4 4. Qxd4 Nc6 5. Bb5 Bd7 6. Bxc6 Bxc6 7. Nc3 Nf6 8.
Bg5 e6 9. O-O-O Be7 10. Bxf6 Bxf6 11. Qxd6 Qxd6 12. Rxd6 Bxc3 13. bxc3 Bxe4 14.
Ne5 Rc8 15. Rd4 Bg6 16. Rhd1 O-O 17. Kb2 Rc7 18. Rd7 Rc5 19. Nxg6 Rb5+ 20. Ka3
hxg6 21. Rc7 Ra5+ 22. Kb2 Rb5+ 23. Kc1 Ra5 24. Kb2 Rb5+ 25. Ka3 Ra5+ 26. Kb3
Rb5+ 27. Kc4 Rb2 28. Rd2 Rxa2 29. Rxb7 Rc8+ 30. Kb3 Ra6 31. Rd3 g5 32. Kb2 Ra5
33. f3 g6 34. h3 a6 35. Rdd7 Rac5 36. Rb3 Re5 37. Ra7 Re2 38. Rbb7 Rf8 39. c4
Rxg2 40. c5 Rc8 41. Rc7 Rxc7 42. Rxc7 Kf8 43. Rd7 Ke8 44. c6 Rg3 45. Rd3 1-0

[Event "European Rapid 2022"]
[Site "Katowice POL"]
[Date "2022.12.17"]
[Round "5.20"]
[White "Mastrovasilis, Dimitrios"]
[Black "Karolczuk, Iwo"]
[Result "1-0"]
[WhiteTitle "GM"]
[BlackTitle "FM"]
[WhiteElo "2605"]
[BlackElo "2327"]
[WhiteFideId "4202694"]
[BlackFideId "21816972"]
[EventDate "2022.12.17"]

1. e4 c5 2. Nf3 d6 3. Bb5+ Nd7 4. d4 cxd4 5. Qxd4 a6 6. Bxd7+ Bxd7 7. Nc3 e5 8.
Qd3 h6 9. Nd2 Nf6 10. Nc4 Be6 11. Be3 Rc8 12. Nb6 Rc6 13. Nbd5 Be7 14. O-O O-O
15. Rfd1 Bxd5 16. Nxd5 Nxd5 17. Qxd5 Bg5 18. Bxg5 Qxg5 19. c3 Qe7 20. Rd3 Rd8
21. Rad1 Qe6 22. h3 Qxd5 23. Rxd5 f6 24. g3 Kf7 25. Kg2 Ke7 26. f4 Rf8 27. Kf3
g6 28. c4 b6 29. b3 Rd8 30. Ke3 Rc5 31. a4 Rxd5 32. Rxd5 Rc8 33. a5 Rb8 34. Kd3
g5 35. f5 Kd7 36. Kc3 Kc6 37. axb6 Rxb6 38. Ra5 h5 39. b4 Kc7 40. b5 axb5 41.
cxb5 Rb7 42. Kc4 Kd7 43. Kd5 Rb6 44. Ra7+ Kc8 45. Rf7 Rxb5+ 46. Kc6 Rc5+ 47.
Kxd6 Rc4 48. Rxf6 Rxe4 49. Rf8+ Kb7 50. f6 1-0

[Event "European Rapid 2022"]
[Site "Katowice POL"]
[Date "2022.12.17"]
[Round "5.21"]
[White "Azarov, Sergei"]
[Black "Peyrer, Konstantin"]
[Result "1/2-1/2"]
[WhiteTitle "GM"]
[BlackTitle "FM"]
[WhiteElo "2562"]
[BlackElo "2380"]
[WhiteFideId "13501470"]
[BlackFideId "1640879"]
[EventDate "2022.12.17"]

1. e4 e6 2. d4 d5 3. Nd2 c5 4. Ngf3 cxd4 5. Nxd4 Ne7 6. Bd3 Nbc6 7. Nxc6 Nxc6 8.
O-O Be7 9. c3 O-O 10. Nf3 dxe4 11. Bxe4 Qc7 12. Qe2 Bd7 13. Bg5 Bxg5 14. Nxg5 h6
15. Nf3 Rad8 16. Rfe1 Rfe8 17. Bc2 e5 18. Rad1 Be6 19. Rxd8 Qxd8 20. h3 Qb6 21.
a3 f5 22. Ba4 e4 23. Bxc6 bxc6 24. Nd4 Bd7 25. Qc4+ Kf8 26. b4 Re5 27. a4 Qc7
28. Rd1 Rd5 29. b5 Qd6 30. bxc6 Bxc6 31. Rb1 Bd7 32. Rb7 f4 33. Rxa7 f3 34. Ra6
Qc5 35. Qxc5+ Rxc5 36. Ne6+ Bxe6 37. Rxe6 fxg2 38. Rxe4 Rxc3 39. Kxg2 Ra3 40. h4
Kf7 41. Rc4 Kg6 42. f3 Kh5 43. Kg3 g5 44. hxg5 hxg5 45. Rb4 Ra2 46. Rd4 Kg6 47.
f4 gxf4+ 48. Rxf4 Kg5 49. Rc4 Kf5 1/2-1/2

[Event "European Rapid 2022"]
[Site "Katowice POL"]
[Date "2022.12.17"]
[Round "5.22"]
[White "Vogel, Roven"]
[Black "Mis, Mieszko"]
[Result "0-1"]
[WhiteTitle "IM"]
[BlackTitle "FM"]
[WhiteElo "2463"]
[BlackElo "2389"]
[WhiteFideId "12908088"]
[BlackFideId "1196448"]
[EventDate "2022.12.17"]

1. c4 Nf6 2. Nc3 c5 3. Nf3 Nc6 4. e4 d6 5. d4 Bg4 6. d5 Nd4 7. Be2 Bxf3 8. Bxf3
g6 9. Be3 Nxf3+ 10. Qxf3 Bg7 11. O-O O-O 12. Qe2 Nd7 13. f4 a6 14. a4 Rb8 15.
Rf3 Re8 16. Qf2 Qa5 17. e5 dxe5 18. f5 Nf6 19. Qh4 Qb4 20. Raf1 b5 21. axb5 axb5
22. d6 Qxc4 23. Qxc4 bxc4 24. dxe7 e4 25. Rf4 g5 26. R4f2 Ng4 27. Bxc5 Nxf2 28.
Rxf2 Bxc3 29. bxc3 Rb1+ 30. Rf1 Rxf1+ 31. Kxf1 f6 32. Ke2 Kf7 33. Ke3 Ra8 34.
Kxe4 Ra2 35. Kf3 Rd2 36. Bb4 h5 37. Ba5 Kxe7 38. Bb4+ Kf7 39. h3 h4 40. Ba5 Rd5 0-1

[Event "European Rapid 2022"]
[Site "Katowice POL"]
[Date "2022.12.17"]
[Round "5.23"]
[White "Kosakowski, Jakub"]
[Black "Ternault, Mathieu"]
[Result "1-0"]
[WhiteTitle "IM"]
[BlackTitle "FM"]
[WhiteElo "2475"]
[BlackElo "2351"]
[WhiteFideId "1185080"]
[BlackFideId "20641532"]
[EventDate "2022.12.17"]

1. e4 Nc6 2. d4 e5 3. Nf3 exd4 4. Nxd4 Bb4+ 5. c3 Bc5 6. Be3 Bb6 7. Nf5 g6 8.
Bxb6 axb6 9. Ne3 Nf6 10. f3 O-O 11. c4 d5 12. cxd5 Nxe4 13. fxe4 Qh4+ 14. Kd2
Qxe4 15. Bd3 Qd4 16. Qc1 Re8 17. Re1 Qf4 18. dxc6 bxc6 19. Qc4 Qf2+ 20. Re2 Qg1
21. Qf4 Rd8 22. Rf2 Ba6 23. Qxf7+ Kh8 24. Qf6+ Kg8 25. Qf7+ Kh8 26. Qf6+ Kg8 27.
Qe6+ Kh8 28. Rf7 Rxd3+ 29. Kc2 Kg8 30. Re7+ 1-0

[Event "European Rapid 2022"]
[Site "Katowice POL"]
[Date "2022.12.17"]
[Round "5.24"]
[White "Monroy, Charles"]
[Black "Kazakouski, Valery"]
[Result "0-1"]
[WhiteTitle "IM"]
[BlackTitle "GM"]
[WhiteElo "2395"]
[BlackElo "2539"]
[WhiteFideId "621641"]
[BlackFideId "13507443"]
[EventDate "2022.12.17"]

1. c4 e6 2. Nf3 Nf6 3. Nc3 d5 4. d4 a6 5. cxd5 exd5 6. Bf4 Bd6 7. Bg3 O-O 8. e3
Bf5 9. Bd3 Bxd3 10. Qxd3 Re8 11. Bh4 c6 12. O-O Nbd7 13. Rab1 a5 14. Rfe1 Qb6
15. Nd2 Qc7 16. Bg3 Bxg3 17. hxg3 Re6 18. e4 dxe4 19. Ndxe4 Rae8 20. Nxf6+ Nxf6
21. Rxe6 Rxe6 22. Rd1 Qd8 23. Qf5 Rd6 24. Ne4 Nxe4 25. Qxe4 g6 26. Qf4 c5 27. d5
Rxd5 28. Re1 Rd1 29. Rxd1 Qxd1+ 30. Kh2 Qd5 31. b3 Qd8 32. Qe5 b6 33. a4 h5 34.
f3 Kh7 35. f4 Qd4 36. Qe7 Kg7 37. f5 Qf6 38. Qc7 gxf5 39. Qf4 Kg6 40. Qb8 h4 41.
Qg8+ Kh6 42. gxh4 Qxh4+ 43. Kg1 Qe1+ 44. Kh2 Qe5+ 45. Kh1 Qf6 46. Kh2 f4 47. Kh3
Qc3+ 48. Kh4 Qe1+ 0-1

[Event "European Rapid 2022"]
[Site "Katowice POL"]
[Date "2022.12.17"]
[Round "5.25"]
[White "De Filomeno, Simone"]
[Black "Karas, Marek"]
[Result "0-1"]
[WhiteTitle "IM"]
[BlackTitle "FM"]
[WhiteElo "2450"]
[BlackElo "2240"]
[WhiteFideId "828688"]
[BlackFideId "14928558"]
[EventDate "2022.12.17"]

1. d4 d5 2. c4 c6 3. Nf3 Nf6 4. Nbd2 a6 5. e3 b5 6. b3 Bg4 7. h3 Bh5 8. g4 Bg6
9. Ne5 Nfd7 10. Nxg6 hxg6 11. Bg2 e6 12. O-O Bb4 13. a3 Bxd2 14. Bxd2 O-O 15. a4
bxc4 16. bxc4 a5 17. Qc2 Nb6 18. cxd5 cxd5 19. Rfc1 Nc4 20. Bf1 Nxd2 21. Qxd2
Na6 22. Ra3 Nb4 23. Rac3 Ra7 24. Rc5 f5 25. Be2 Qh4 26. Kg2 Raf7 27. f3 g5 28.
Rc8 f4 29. exf4 gxf4 30. Rxf8+ Rxf8 31. Qe1 Qxe1 32. Rxe1 Nc2 33. Rb1 Nxd4 34.
Bd3 Rc8 35. h4 Rc3 36. Bg6 Kf8 37. Rf1 Nc2 38. Rb1 Nb4 39. g5 d4 40. h5 Rc5 41.
Kh3 Rxg5 42. Rc1 d3 43. Rc8+ Ke7 44. Rc7+ Kd6 45. Rxg7 d2 46. Rg8 Rd5 47. Be4
d1=Q 48. Bxd5 Nxd5 0-1

[Event "European Rapid 2022"]
[Site "Katowice POL"]
[Date "2022.12.17"]
[Round "5.26"]
[White "Huzman, Alexander"]
[Black "Vedrickas, Tautvydas"]
[Result "1/2-1/2"]
[WhiteTitle "GM"]
[BlackTitle "FM"]
[WhiteElo "2526"]
[BlackElo "2358"]
[WhiteFideId "2803828"]
[BlackFideId "12802654"]
[EventDate "2022.12.17"]

1. Nf3 Nf6 2. c4 g6 3. Nc3 Bg7 4. e4 d6 5. d4 O-O 6. Be2 e5 7. Be3 exd4 8. Nxd4
Re8 9. f3 c6 10. Bf2 Nh5 11. Qd2 Na6 12. O-O Nc5 13. Rfd1 Be5 14. g3 Bh3 15.
Rac1 Qe7 16. Bf1 Bxf1 17. Kxf1 Ne6 18. Kg2 Rad8 19. Nde2 Bg7 20. Bxa7 b5 21. Bb6
Rb8 22. Be3 bxc4 23. Qxd6 Rxb2 24. Qxe7 Rxe7 25. Kf1 f5 26. Rb1 Bxc3 27. Nxc3
Rxh2 28. Bf2 Ng5 29. Rb8+ Kf7 30. Rdd8 Nxf3 31. Rf8+ Kg7 32. Rg8+ Kh6 33. exf5
Nf6 34. fxg6 Nxg8 35. Rxg8 hxg6 36. a4 Rf7 37. Ne4 Nd2+ 38. Kg1 Nf3+ 39. Kf1 Kh7
40. Rd8 c3 41. Nxc3 Ng5 42. Nd1 Ne4 43. Kg1 Rhxf2 44. Nxf2 Nxf2 45. Rc8 Ne4 46.
Rxc6 Nxg3 47. a5 Ne2+ 48. Kg2 Kh6 49. a6 Nf4+ 50. Kg3 Nd5 51. Rd6 Ne3 52. Re6
Nf5+ 53. Kg4 Rc7 54. Re4 Ra7 55. Re6 Nd4 56. Rb6 Nf5 57. Kf4 Ng7 58. Ke5 Ne8 59.
Kd4 Nc7 60. Rb7 Rxa6 61. Rxc7 Re6 62. Rc1 g5 63. Rg1 Kh5 64. Rh1+ Kg6 65. Rg1
Re2 66. Kd3 Re8 67. Kd4 Kf5 68. Rf1+ Kg4 1/2-1/2

[Event "European Rapid 2022"]
[Site "Katowice POL"]
[Date "2022.12.17"]
[Round "5.27"]
[White "Drozdowski, Kacper"]
[Black "Wisniewski, Michal"]
[Result "1-0"]
[WhiteTitle "IM"]
[BlackTitle "FM"]
[WhiteElo "2448"]
[BlackElo "2168"]
[WhiteFideId "1136720"]
[BlackFideId "1159682"]
[EventDate "2022.12.17"]

1. e4 Nf6 2. e5 Nd5 3. d4 d6 4. Nf3 g6 5. Be2 Bg7 6. O-O O-O 7. exd6 cxd6 8. Re1
Nc6 9. c4 Nb6 10. Be3 Bg4 11. Nbd2 d5 12. c5 Nc8 13. h3 Bxf3 14. Nxf3 e6 15. b4
a6 16. Rb1 N8e7 17. Bd3 Qc7 18. Qd2 Rfe8 19. a4 a5 20. b5 Nb4 21. Bf1 Nf5 22.
Bf4 Qd8 23. Rbd1 h5 24. g3 Kh7 25. Bg2 Re7 26. g4 hxg4 27. hxg4 Nh6 28. Bh3 Qh8
29. Kg2 Kg8 30. Rh1 g5 31. Bxg5 f6 32. Bf4 e5 33. dxe5 fxe5 34. Bg3 e4 35. Nh4
Bc3 36. Qg5+ Rg7 37. Qh5 Qh7 38. g5 Nf7 39. Qxh7+ Rxh7 40. g6 Rxh4 41. gxf7+ 1-0

[Event "European Rapid 2022"]
[Site "Katowice POL"]
[Date "2022.12.17"]
[Round "5.28"]
[White "Nasuta, Grzegorz"]
[Black "Pidluznij, Gleb"]
[Result "0-1"]
[WhiteTitle "GM"]
[WhiteElo "2546"]
[BlackElo "2159"]
[WhiteFideId "1141686"]
[BlackFideId "12817082"]
[EventDate "2022.12.17"]

1. e4 c6 2. d4 d5 3. e5 Bf5 4. Nf3 e6 5. Be2 Nd7 6. O-O a6 7. Nbd2 h6 8. Nb3 c5
9. c3 Rc8 10. Be3 cxd4 11. cxd4 Ne7 12. Ne1 Nc6 13. g4 Bh7 14. f4 Be7 15. f5 Bg5
16. Qd2 Bxe3+ 17. Qxe3 O-O 18. f6 gxf6 19. Qxh6 fxe5 20. Rf3 f6 21. g5 fxg5 22.
Qxe6+ Kh8 23. Rh3 Qe7 24. Bg4 Qxe6 25. Bxe6 Rc7 26. Nf3 Nxd4 27. Nbxd4 exd4 28.
Nxg5 Nf6 29. Rf1 d3 30. Nxh7 Rxh7 31. Rxd3 Rg7+ 32. Kh1 Rg6 33. Bxd5 Rd8 34. Be4
Rxd3 35. Bxd3 Rh6 36. Rf4 Kg7 37. Be2 Rh8 38. Rc4 b5 39. Rc7+ Kg6 40. Rc6 Rd8
41. Rxa6 b4 42. b3 Rd2 43. Bf3 Rf2 44. Bb7 Kg5 45. Rb6 Ng4 46. Rb5+ Kh4 47. Rxb4
Kh3 48. Kg1 Rxa2 49. Ra4 Rc2 50. Ba6 Nxh2 51. Re4 Nf3+ 52. Kf1 Nd2+ 53. Ke2
Nxe4+ 54. Kd3 Rc6 55. Kxe4 Rxa6 56. Kd5 Rb6 57. Kc4 Kg4 58. b4 Kf5 59. Kc5 Rb8
60. b5 Ke6 61. Kc6 Rc8+ 62. Kb7 Kd7 63. b6 Rc3 64. Ka8 Ra3+ 65. Kb8 Kc6 66. b7
Rb3 67. Ka8 Kc7 0-1

[Event "European Rapid 2022"]
[Site "Katowice POL"]
[Date "2022.12.17"]
[Round "5.29"]
[White "Molenda, Marcin"]
[Black "Saraci, Nderim"]
[Result "0-1"]
[WhiteTitle "FM"]
[BlackTitle "IM"]
[WhiteElo "2381"]
[BlackElo "2468"]
[WhiteFideId "1173065"]
[BlackFideId "6351921"]
[EventDate "2022.12.17"]

1. d4 Nf6 2. c4 c5 3. Nf3 g6 4. g3 Bg7 5. Bg2 O-O 6. O-O d6 7. Nc3 Nc6 8. d5 Na5
9. Nd2 a6 10. e4 Rb8 11. Rb1 b5 12. b3 Nd7 13. Qc2 Ne5 14. cxb5 axb5 15. Bb2 b4
16. Nd1 Ba6 17. Bxe5 Bxe5 18. Re1 e6 19. Ne3 Bd4 20. dxe6 fxe6 21. Nf3 Nc6 22.
e5 Nxe5 23. Nxe5 Bxe5 24. Ng4 Bd4 25. Rxe6 Qg5 26. Re4 Bb7 27. h4 Bxe4 28. Qxe4
Qd8 29. Rd1 Qc7 30. Rxd4 cxd4 31. Qxd4 Qg7 32. Bd5+ Kh8 33. Qd2 Rbe8 34. Kg2 h5
35. Ne3 Qc3 36. Qe2 Qd4 37. Bf3 d5 38. Qa6 Rf6 39. Qb5 Ref8 40. Nc2 Qe5 41. Bd1
Rxf2+ 42. Kh3 Qf5+ 43. g4 Qf3+ 44. Bxf3 R8xf3# 0-1